| 000 | 00462cam a22001337a 4500 | ||
|---|---|---|---|
| 008 | 180718b1981 xxu||||| |||| 00| 0 eng d | ||
| 082 | _aAPPPA 80-81 ANA | ||
| 100 | _aAnand, S.C. | ||
| 245 |
_aConceptual and functioning evolution of the Indian audit and accounts department since independence _cby S.C. Anand |
||
| 260 |
_aNew Delhi _bIndian Institute of Public Administration _c1981 |
||
| 300 | _a154p. | ||
| 650 | _aAccounts department | ||
| 650 | _aIndian audit | ||
| 999 |
_c501238 _d501238 |
||